000 01522nam a22002297a 4500
003 NALT
005 20220114122808.0
008 s2547 th tha d
040 _aNALT
041 _atha
050 _aJS 7403.141
_bอ251ค 2547
100 0 _aอภิชัย สมบูรณ์ปกรณ์
_955509
245 1 0 _aโครงการการวิจัยเพื่อหาแนวทางการทำงานร่วมกันระหว่างเอกอัครราชทูตแบบบูรณาการในประเทศเพื่อนบ้านของไทยกับผู้ว่าราชการจังหวัดแบบบูรณาการในกลุ่มจังหวัดภาคเหนือตอนบน ระยะที่ 1 /
_cอภิชัย สมบูรณ์ปกรณ์
260 _aกรุงเทพฯ :
_bสำนักงานกองทุนสนับสนุนการวิจัย,
_c2547
300 _a88 หน้า :
_bภาพประกอบ, ตาราง ;
_c29 ซม.
650 0 4 _aเอกอัครราชทูต CEO
650 0 4 _aผู้ว่าราชการจังหวัด CEO
650 0 4 _aผู้ว่าซีอีโอ
650 0 4 _aผู้ว่าราชการจังหวัดแบบบูรณาการ -- การทำงาน -- วิจัย
850 _aNALT
942 _cRSH
_2lcc
999 _c45288
_d45288
998 _j109
_k อารีรัตน์ วิชาช่าง